| 000 | 00583nam a2200205 u 4500 | ||
|---|---|---|---|
| 005 | 20220818063530.0 | ||
| 008 | 101112s2007 r 000 0 eng d | ||
| 020 | _a9788496566590 | ||
| 035 | _aUPN01000178468 | ||
| 049 | _aCG | ||
| 050 | 4 |
_aQA95 _bC3.2 |
|
| 100 | 1 | _aCapó Dolz, Miquel | |
| 245 | 1 | 0 |
_a101 juegos de lógica para novatos / _cMiquel Capó Dolz. |
| 260 |
_aEspaña : _bNivola, _c2007. |
||
| 300 |
_a108 p. : _bil. |
||
| 440 | 0 |
_aVioleta ; _v15 |
|
| 650 | 0 |
_aRecreaciones matemáticas _96050 |
|
| 650 | 4 |
_aJUEGOS DE ESTRATEGIA (MATEMATICAS) _96054 |
|
| 905 | _aLibro | ||
| 999 |
_c150571 _d150571 |
||